A guity thing surprised

Bibliographic Details
Main Author: Rendell, Ruth
Format: Book
Published: London : Hutchinson , 1990
Subjects:

MARC

LEADER 00000cam a2200000 7i4500
001 0000003625
002 000003903
005 20000330.0
020 |a 0091743028 
090 0 0 |a F   |b REN 
100 1 |a Rendell, Ruth 
245 1 2 |a A guity thing surprised   |c Ruth Rendell 
260 |a London :   |b Hutchinson ,   |c 1990 
300 |a 168p. ;   |c 22cm. 
650 0 0 |a Thriller fiction 
999 |a 032179   |b BUKU   |c FICTION   |e PERPUSTAKAAN KOMUNITI PETALING JAYA 
999 |a 032180   |b BUKU   |c PINJAMAN   |e PERPUSTAKAAN KOMUNITI PETALING JAYA